Star city : (Record no. 1008)
[ view plain ]
| 000 -LEADER | |
|---|---|
| campo de control de longitud fija | 02173cam a2200457 i 4500 |
| 001 - NÚMERO DE CONTROL | |
| campo de control | 10260686 |
| 005 - FECHA Y HORA DE LA ÚLTIMA TRANSACCIÓN | |
| campo de control | 20220326193353.0 |
| 008 - DATOS DE LONGITUD FIJA--INFORMACIÓN GENERAL | |
| campo de control de longitud fija | 130401s2011 po a b 000 0 eng d |
| 020 ## - NÚMERO INTERNACIONAL ESTÁNDAR DEL LIBRO | |
| Número Internacional Estándar del Libro | 9788362128044 |
| 020 ## - NÚMERO INTERNACIONAL ESTÁNDAR DEL LIBRO | |
| Número Internacional Estándar del Libro | 8362128046 |
| 035 ## - NÚMERO DE CONTROL DEL SISTEMA | |
| Número de control de sistema | (OCoLC)ocn834144672 |
| 035 ## - NÚMERO DE CONTROL DEL SISTEMA | |
| Número de control de sistema | (NNC)10260686 |
| 040 ## - FUENTE DE CATALOGACIÓN | |
| Centro catalogador/agencia de origen | OSU |
| Lengua de catalogación | eng |
| Normas de descripción | rda |
| Centro/agencia transcriptor | OSU |
| Centro/agencia modificador | YDXCP |
| 082 ## - NÚMERO DE LA CLASIFICACIÓN DECIMAL DEWEY | |
| Número de clasificación | 708 |
| Número de ítem | R771s |
| 100 ## - ENTRADA PRINCIPAL--NOMBRE DE PERSONA | |
| Nombre de persona | Łukasz Ronduda et all |
| 9 (RLIN) | 5400 |
| 245 00 - MENCIÓN DEL TÍTULO | |
| Título | Star city : |
| Resto del título | the future under communism / |
| Mención de responsabilidad, etc. | edited by Łukasz Ronduda, Alex Farquharson, Barbara Piwowarska ; [translations, Marcin Wawrzyńczak, Daniel Malone, Tatiana Sujkowska-Siniawska, Jana Krajňáková, Daniel Morgan, Agata Pyzik]. |
| 300 ## - DESCRIPCIÓN FÍSICA | |
| Extensión | 304 pages : |
| Otras características físicas | illustrations (some color) ; |
| Dimensiones | 22 cm. |
| 500 ## - NOTA GENERAL | |
| Nota general | "This publication resulted from research related to Star City: The Future Under Communism, an exhibition curated by by Łukasz Ronduda and Alex Farquharson, organized by Nottingham Contemporary, 12 February-17 April 2010"--Page 303. |
| 500 ## - NOTA GENERAL | |
| Nota general | "Writers: David Crowley, Tomáš Pospiszyl, ... Artists: Paweł Althamer, Goshka Macuga, ..."--Page [4] of cover. |
| 504 ## - NOTA DE BIBLIOGRAFÍA, ETC. | |
| Nota de bibliografía, etc. | Includes bibliographical references. |
| 650 #0 - PUNTO DE ACCESO ADICIONAL DE MATERIA--TÉRMINO DE MATERIA | |
| Término de materia o nombre geográfico como elemento de entrada | Socialist realism in art. |
| 9 (RLIN) | 5401 |
| 650 #0 - PUNTO DE ACCESO ADICIONAL DE MATERIA--TÉRMINO DE MATERIA | |
| Término de materia o nombre geográfico como elemento de entrada | Cybernetics in art. |
| 9 (RLIN) | 5402 |
| 650 #0 - PUNTO DE ACCESO ADICIONAL DE MATERIA--TÉRMINO DE MATERIA | |
| Término de materia o nombre geográfico como elemento de entrada | Futurism (Art) |
| 9 (RLIN) | 5403 |
| 650 #0 - PUNTO DE ACCESO ADICIONAL DE MATERIA--TÉRMINO DE MATERIA | |
| Término de materia o nombre geográfico como elemento de entrada | Art, Modern |
| Subdivisión cronológica | 20th century. |
| 9 (RLIN) | 121 |
| 700 1# - ENTRADA AGREGADA--NOMBRE PERSONAL | |
| Nombre de persona | Ronduda, Łukasz, |
| Término indicativo de función/relación | editor. |
| 9 (RLIN) | 5404 |
| 700 1# - ENTRADA AGREGADA--NOMBRE PERSONAL | |
| Nombre de persona | Farquharson, Alex, |
| Término indicativo de función/relación | editor. |
| 9 (RLIN) | 5405 |
| 700 1# - ENTRADA AGREGADA--NOMBRE PERSONAL | |
| Nombre de persona | Piwowarska, Barbara, |
| Término indicativo de función/relación | editor. |
| 9 (RLIN) | 5406 |
| 700 1# - ENTRADA AGREGADA--NOMBRE PERSONAL | |
| Nombre de persona | Wawrzyńczak, Marcin, |
| Término indicativo de función/relación | translator. |
| 9 (RLIN) | 5407 |
| 700 1# - ENTRADA AGREGADA--NOMBRE PERSONAL | |
| Nombre de persona | Malone, Daniel, |
| Término indicativo de función/relación | translator. |
| 9 (RLIN) | 5408 |
| 700 1# - ENTRADA AGREGADA--NOMBRE PERSONAL | |
| Nombre de persona | Siniawska-Sujkowska, Tatiana, |
| Término indicativo de función/relación | translator. |
| 9 (RLIN) | 5409 |
| 700 1# - ENTRADA AGREGADA--NOMBRE PERSONAL | |
| Nombre de persona | Krajňáková, Jana, |
| Término indicativo de función/relación | translator. |
| 9 (RLIN) | 5410 |
| 700 1# - ENTRADA AGREGADA--NOMBRE PERSONAL | |
| Nombre de persona | Morgan, Daniel |
| Títulos y otros términos asociados al nombre | (Translator), |
| Término indicativo de función/relación | translator. |
| 9 (RLIN) | 5411 |
| 700 1# - ENTRADA AGREGADA--NOMBRE PERSONAL | |
| Nombre de persona | Pyzik, Agata, |
| Término indicativo de función/relación | translator. |
| 9 (RLIN) | 5412 |
| 700 1# - ENTRADA AGREGADA--NOMBRE PERSONAL | |
| Nombre de persona | Crowley, David, |
| Término indicativo de función/relación | editor. |
| 9 (RLIN) | 5413 |
| 700 1# - ENTRADA AGREGADA--NOMBRE PERSONAL | |
| Nombre de persona | Pospiszyl, Tomáš, |
| Término indicativo de función/relación | editor. |
| 9 (RLIN) | 1099 |
| 700 1# - ENTRADA AGREGADA--NOMBRE PERSONAL | |
| Nombre de persona | Althamer, Paweł, |
| Fechas asociadas al nombre | 1967-, |
| Término indicativo de función/relación | artist. |
| 9 (RLIN) | 5414 |
| 700 1# - ENTRADA AGREGADA--NOMBRE PERSONAL | |
| Nombre de persona | Macuga, Goshka, |
| Fechas asociadas al nombre | 1967-, |
| Término indicativo de función/relación | artist. |
| 9 (RLIN) | 5415 |
| 710 2# - ENTRADA AGREGADA--NOMBRE DE ENTIDAD CORPORATIVA | |
| Nombre de entidad corporativa o nombre de jurisdicción como elemento de entrada | Nottingham Contemporary (Nottingham, England), |
| Término indicativo de función/relación | sponsoring body. |
| 9 (RLIN) | 5416 |
| 948 1# - PROCESAMIENTO DE INFORMACIÓN LOCAL (OCLC); DESIGNADOR DE PARTE DE LA SERIE (RLIN) | |
| Designador de la parte de la serie, SPT (RLIN) | 20130513 |
| b (OCLC) | c |
| c (OCLC) | fra1 |
| d (OCLC) | OSMC |
| Estatus retirado | Estado de pérdida | Fuente del sistema de clasificación o colocación | Estado de daño | No para préstamo | Biblioteca de origen | Biblioteca actual | Ubicación en estantería | Fecha de adquisición | Total de préstamos | Signatura topográfica completa | Código de barras | Fecha de vencimiento | Visto por última vez | Fecha del último préstamo | Precio de reemplazo | Tipo de ítem Koha |
|---|---|---|---|---|---|---|---|---|---|---|---|---|---|---|---|---|
| Clasificación Decimal Dewey | Biblioteca LadoV | Biblioteca LadoV | 12/08/2016 | 1 | 708 R771s | 004216 | 19/10/2019 | 28/09/2019 | 28/09/2019 | 12/08/2016 | Material 01 |
